000 00674nam a2200169 i 4500
001 44682
003 ES-MaACL
005 20230906161057.0
007 t|
008 030324q1891 xxu ||||1| eng d
245 0 0 _aClassification of the World's Columbian Exposition Chicago, U.S.A., 1893 /
_cadapted by the World's Columbian Comision.
260 _aChicago :
_bDonohue & Henneberry,
_c1891.
300 _a122 p. :
_bil. ;
_c23 cm.
500 _aClasificacion de la Exposición Universal colombina de Chicago. E.U. de A. de 1893, adoptada por la comision de la misma.
611 0 _aWorld's Columbian Exposition.
_d1893.
_cChicago)
_9135144
852 _aES-MaACL
_jT-540-F-2
999 _c44682
_d44682